000
00392nam a2200133Ia 4500
008
151001s9999||||xx |||||||||||||| ||und||
100
_a
नरेंद्र कोहली
245
_a
पांच एन्सड उपचार
250
_a
1
260
_b
भारतीय प्रकाशन संस्था
260
_c
1997
300
_a
107
365
_b
18
999
_c
984164
_d
984161